Marvel and DC characters - Statistics

General Stats
  • This quiz has been taken 365 times
    356 since last reset
  • The average score is 163 of 486
Answer Stats
Hint Letter Sex Origin Answer % Correct
D B M Justice League Batman
86%
M H M Avengers Hulk
84%
M I M Avengers Iron Man
84%
D F M Justice League Flash
81%
M C M Avengers Captain America
80%
M T M Avengers Thor
77%
D H M Titans Hawk
75%
M S W Avengers Scarlet Witch
75%
M A M Avengers Ant-Man
73%
M B W Avengers Black Widow
73%
D J M Batman Joker
73%
M B M Avengers Black Panther
72%
D H W Batman Harley Quinn
72%
D S M Justice League Superman
72%
M W M X-Men Wolverine
72%
M H M Avengers Hawkeye
70%
M L M Thor Loki
70%
M S M Avengers Spider-Man
70%
D A M Justice League Aquaman
69%
M D M Avengers Dr. Strange
69%
M F M Avengers Falcon
69%
M G W GOTG Gamora
69%
D G M Justice League Green Lantern
69%
M G M GOTG Groot
69%
M M M Midnight Suns Moon Knight
69%
M G M Spider-Man Green Goblin
67%
M Q M Avengers Quicksilver
67%
M R M GOTG Rocket Raccoon
67%
M C M X-Men Cyclops
66%
M D M X-Force Deadpool
66%
M D M GOTG Drax the Destroyer
66%
M N M S.H.I.E.L.D. Nick Fury
66%
M S M GOTG Star-Lord
66%
M B M Captain America Bucky Barnes
64%
M C W Avengers Captain Marvel
64%
M M M X-Men Magneto
64%
D R M Batman Robin
64%
M B M X-Men Beast
63%
M O M Thor Odin
63%
D T M Black Order Thanos
63%
M V M Avengers Vision
63%
D W W Justice League Wonder Woman
63%
D C W Batman Catwoman
61%
M D M Defenders Daredevil
61%
M E M Spider-Man Electro
61%
M I M Defenders Iron Fist
61%
M M W GOTG Mantis
61%
M M M Fantastic Four Mr. Fantastic
61%
M S M Shang Chi Shang Chi
61%
M H M Fantastic Four Human Torch
59%
D N M Batman Nightwing
59%
D S M Justice League Shazam
59%
M S W X-Men Storm
59%
M T M Fantastic Four Thing
59%
M A M Hulk Abomination
58%
M D W Black Order Death
58%
M E W Defenders Elektra
58%
M H W Thor Hela
58%
M J W X-Men Jean Grey
58%
D K M Flash Kid Flash
58%
M L M Defenders Luke Cage
58%
M N W GOTG Nebula
58%
D P M Batman Penguin
58%
D P W Batman Poison Ivy
58%
M S W Hulk She-Hulk
58%
D S W Superman Supergirl
58%
M W W Avengers Wasp
58%
D B M Titans Beast Boy
56%
M B W Spider-Man Black Cat
56%
M D M Fantastic Four Doctor Doom
56%
M G W Ant-Man Ghost
56%
M P M X-Men Professor X
56%
D R W Titans Raven
56%
M S M Spider-Man Sandman
56%
D S W Titans Starfire
56%
M U N/A Avengers Ultron
56%
M V M Spider-Man Vulture
56%
D C M Justice League Cyborg
55%
M D M Spider-Man Doctor Octopus
55%
M G M Midnight Suns Ghost Rider
55%
D H W Justice League Hawkgirl
55%
D H M Justice League Hawkman
55%
M I W Fantastic Four Invisible Woman
55%
M K M Defenders Kingpin
55%
D L M Superman Lex Luthor
55%
D R M Batman Red Hood
55%
M R M Hulk Red Hulk
55%
M R M Spider-Man Rhino
55%
M V M Spider-Man Venom
55%
D B M Batman Bane
53%
D B W Batman Batwoman
53%
D B W Justice League Black Canary
53%
D C M Flash Captain Cold
53%
M C M X-Men Colossus
53%
D G M Justice League Green Arrow
53%
M K M Avengers Kang the Conqueror
53%
D M M Justice League Martian Manhunter
53%
M N M Black Panther Namor
53%
D R M Flash Reverse Flash
53%
D S M Superman Superboy
53%
D A M Batman Alfred Pennyworth
52%
D B W Batman Batgirl
52%
D B M Shazam Black Adam
52%
M C M X-Men Cable
52%
M K M Black Panther Killmonger
52%
M M W X-Men Mystique
52%
M R M Captain America Red Skull
52%
M S M Fantastic Four Silver Surfer
52%
M V W Thor Valkyrie
52%
M W M Iron Man War Machine
52%
M A M GOTG Adam Warlock
50%
D C M Batman Clayface
50%
D D M Batman Deadshot
50%
D D M Batman Deathstroke
50%
D K M Batman Killer Croc
50%
D L W Superman Lois Lane
50%
M S W Black Panther Shuri
50%
D S M Green Lantern Sinestro
50%
M S W Spider-Man Spider-Woman
50%
D T M Batman Two Face
50%
D Z W Justice League Zatanna
50%
M A W Scarlet Witch Agatha Harkness
48%
B A M Wonder Woman Ares
48%
D A M Justice League Atom
48%
D B M Aquaman Black Manta
48%
M E M GOTG Ego
48%
M G M Fantastic Four Galactus
48%
M M M Iron Man Mandarin
48%
D M M Batman Mr. Freeze
48%
D R M Batman Riddler
48%
M A M X-Men Angel
47%
M B M Midnight Suns Blade
47%
M B M Justice League Blue Beetle
47%
M C M Spider-Man Carnage
47%
D D M New Gods Darkseid
47%
M J M X-Men Juggernaut
47%
M M W Spider-Man May Parker
47%
M M M Spider-Man Mysterio
47%
M P W Iron Man Pepper Potts
47%
M P M Defenders Punisher
47%
M I M X-Men Iceman
45%
D I W Flash Iris West
45%
D K W Flash Killer Frost
45%
M K M Spider-Man Kraven the Hunter
45%
M O M Iron Man Obadiah Stane
45%
M R M Hawkeye Ronin
45%
D S M Batman Scarecrow
45%
D W W Wonder Woman Wonder Girl
45%
M W M Doctor Strange Wong
45%
M X W X-Men X-23
45%
D Z M Superman Zod
45%
D A M Aquaman Aqualad
44%
M D M Doctor Strange Dormammu
44%
B E W N/A Enchantress
44%
M S W Spider-Man Gwen Stacy
44%
M J W Thor Jane Foster
44%
M M W Spider-Man Mary Jane Watson
44%
M M W Young Avengers Ms. Marvel
44%
M N M X-Men Nightcrawler
44%
M N M GOTG Nova
44%
M O W Black Panther Okoye
44%
M R M GOTG Ronan the Accuser
44%
M W M Iron Man Whiplash
44%
D Z M Flash Zoom
44%
D A W Suicide Squad Amanda Waller
42%
M B M Spider-Man Ben Parker
42%
D C W Wonder Woman Cheetah
42%
D D M Superman Doomsday
42%
M G M X-Men Gambit
42%
D M W Aquaman Mera
42%
M B M X-Men Bishop
41%
D B M Superman Bizarro
41%
M B M Mutants Black Bolt
41%
D C M Flash Captain Boomerang
41%
M D W Cloak and Dagger Dagger
41%
M F M Justice League Firestorm
41%
M G M Thor Gorr the God Butcher
41%
D H M Batman Hugo Strange
41%
M L M Spider-Man Lizard
41%
M M M Captain America MODOK
41%
D R M Batman Ra's Al Ghul
41%
D S M Justice League Swamp Thing
41%
M Z M Masters of Evil Zemo
41%
D B M Batman Black Mask
39%
D B M Justice League Booster Gold
39%
M C M Cloak and Dagger Cloak
39%
D D W Titans Dove
39%
D D M Justice League Dr. Fate
39%
D G M Flash Gorilla Grodd
39%
D H M Flash Heatwave
39%
D H M Batman Hush
39%
M J W Defenders Jessica Jones
39%
D J M Justice League John Constantine
39%
M M W Mutants Medusa
39%
M M M Spider-Man Miles Morales
39%
M P M S.H.I.E.L.D. Phil Coulson
39%
D S W Green Lantern Star Sapphire
39%
M S M Thor Surtur
39%
M Y M Ant-Man Yellowjacket
39%
M Y M GOTG Yondu Udonta
39%
D A M Green Lantern Atrocitus
38%
M B M Thor Beta Rey Bill
38%
D B M Justice League Black Lightning
38%
M B M Defenders Bullseye
38%
M C M Masters of Evil Crimson Dynamo
38%
D F M Batman Firefly
38%
D J M Batman Jim Gordon
38%
D K M Flash King Shark
38%
M M M Midnight Suns Man Thing
38%
M P W Captain America Peggy Carter
38%
M R W Hulk Red She-Hulk
38%
D S M Batman Solomon Grundy
38%
D T W Batman Talia Al Ghul
38%
M A M Avengers A-Bomb
36%
M A W Doctor Strange Ancient One
36%
D A M Justice League Atom Smasher
36%
D B M Superman Brainiac
36%
D C M Justice League Captain Atom
36%
M D W X-Force Domino
36%
M E W X-Men Emma Frost
36%
M F W Thor Frigga
36%
D K M Batman Killer Moth
36%
D K IDK Superman Krypto
36%
D M W Batman Martha Wayne
36%
D M M Flash Mirror Master
36%
M R M Thunderbolts Red Guardian
36%
M S M Spider-Man Scorpion
36%
D S M Justice League Static
36%
D S M New Gods Steppenwolf
36%
D T M Batman Thomas Wayne
36%
D W M Flash Weather Wizard
36%
M W W Defenders White Tiger
36%
M A M Eternals Ajak
34%
D A N/A Legion of Doom Amazo
34%
D C M Batman Calendar Man
34%
M G M Eternals Gilgamesh
34%
M H M Spider-Man Hobgoblin
34%
M J W X-Men Jubilee
34%
D Q M Justice League Question
34%
M T M Masters of Evil Taskmaster
34%
D T M Titans Trigon
34%
D V W Justice League Vixen
34%
D A M Batman Azrael
33%
M C M GOTG Collector
33%
D E M Justice League Etrigan
33%
M G M Thor Grandmaster
33%
D H M Batman Hammer
33%
D H M Batman Harvey Bullock
33%
M H M Spider-Man Hydro Man
33%
M J M Iron Man Jarvis
33%
D J W Flash Jesse Quick
33%
M J M Spider-Man J. Jonah Jameson
33%
D K M New Gods Kalibak
33%
D L M Superman Lobo
33%
D M M Batman Mad Hatter
33%
M M M Black Order Mephisto
33%
D O M Aquaman Orm
33%
D P M Suicide Squad Peacemaker
33%
D P M Flash Polka-Dot Man
33%
D P W Superman Powergirl
33%
D R M Batman Ratcatcher
33%
M S W Thor Sif
33%
M A M Spider-Man Agent Venom
31%
D B M Green Lantern Black Hand
31%
M F IDK Thor Fenrir
31%
M H M Spider-Man Harry Osborn
31%
D H W Justice League Huntress
31%
D J M Flash Jay Garrick
31%
M J M Iron Man Justin Hammer
31%
D L M Green Lantern Larfleeze
31%
M S M IRL Stan Lee
31%
D S IDK Justice League Starro the Conqueror
31%
M L M Hulk The Leader
31%
B W M X-Men/Suicide Squad Weasel
31%
M A W X-Men Ajax
30%
D A M Batman Anarky
30%
D A N/A Flash Anti-Monitor
30%
D C M Batman Carmine Falcone
30%
D C W Wonder Woman Circe
30%
D C W Batman Copperhead
30%
D G M Flash Godspeed
30%
D M M Legion of Doom Metallo
30%
D N M Green Lantern Necron
30%
D P M Justice League Phantom Stranger
30%
M R M X-Men Rogue
30%
D S W Batman Shiva
30%
D V M Superman Vandal Savage
30%
M A W Young Avengers America Chavez
28%
D B M Batman Bronze Tiger
28%
D D W New Gods Desaad
28%
M D M Thor Destroyer
28%
D E N/A Justice League Eclipso
28%
D H W Wonder Woman Hippolyta
28%
D J M Flash Joe West
28%
D L M Batman Lucius Fox
28%
D M M New Gods Mr. Miracle
28%
D R W Batman Renee Montoya
28%
M S M X-Men Sabertooth
28%
M T W Avengers Tigra
28%
D T M Flash Trickster
28%
M W M Avengers Wonder Man
28%
D A M Batman Aaron Cash
27%
M A M X-Men Apocalips
27%
D B M Batman Bat-Mite
27%
D B M Superman Bloodsport
27%
D C M Flash Cisco Ramon
27%
D D M Justice League Detective Chimp
27%
D D IDK Green Lantern Dexstarr
27%
M H M Iron Man Happy Hogan
27%
D N W Batman Nora Fries
27%
D R M Suicide Squad Rick Flag
27%
D T M Flash Thinker
27%
D V M Batman Victor Zsasz
27%
M B W N/A Black Swan
25%
D C M Batman Catman
25%
M E W Spider-Man Electra
25%
D E M Batman Electrocutioner
25%
D G M Green Lantern Guardians
25%
D T M Suicide Squad Toyman
25%
D V W Batman Vicki Vale
25%
M A N/A N/A Aegon
23%
D A M Batman Amadeus Arkham
23%
M A N/A Spider-Man Anti-Venom
23%
D B M New Gods Black Racer
23%
D H M Flash Harrison Wells
23%
D J M Titans Jericho Wilson
23%
D J M Superman Jimmy Olson
23%
M M W X-Men Magik
23%
D M W Justice League Mary Marvel
23%
D M M Justice League Metamorpho
23%
D P M Batman Prometheus
23%
M T W Eternals Thena
23%
M W M Young Avengers Wiccan
23%
M B M X-Men Blob
22%
D D W Aquaman Dolphin
22%
M H M Thor Heimdal
22%
M H M Thor Hogun
22%
M K M Eternals Kingo
22%
M M W S.H.I.E.L.D. Maria Hill
22%
M S M Young Avengers Speed
22%
M A M Moon Knight Anubis
20%
D C M Batman Captain Nazi (Yes this is a real thing)
20%
M E W X-Men Emma Snow
20%
M G W X-Men Gwenpool
20%
D J M Justice League Jason Blood
20%
M P W X-Men Polaris
20%
M P W X-Men Psylocke
20%
D S M Flash Savatar
20%
M S M Hulk Skaar
20%
M S W Avengers Squirrel Girl
20%
M Y W Avengers Yo-Yo
20%
M A W Moon Knight Ammut
19%
M A M Masters of Evil Arnim Zola
19%
M E W Defenders Echo
19%
M H M GOTG Howard the Duck
19%
D J M Batman Jack Ryder
19%
M M M Doctor Strange Mordo
19%
M M M Spider-Man Mr. Negative
19%
M S W Eternals Sersi
19%
M S W S.H.I.E.L.D. Sharon Carter
19%
D W W Batman White Rabbit
19%
M K W X-Men Kitty Pryde
17%
M H M Hulk Hulkling
17%
M I W Iron Man Ironheart
17%
M K M Thor Korg
17%
M M W Spider-Man Madame Web
17%
M Q W S.H.I.E.L.D. Quake
17%
D R M Batman Roberto Falcone
17%
M C M Spider-Man Chameleon
16%
D C M Batman Clock King
16%
M I M Eternals Ikaris
16%
D M M Justice League Major Force
16%
D M M Batman Maxie Zeus
16%
M P M Spider-Man Peter Porker
16%
M S M Spider-Man Shocker
16%
D S M Batman Simon Stagg
16%
M B M N/A Black Knight
14%
M F M Thor Fandral
14%
M H M Spider-Man Hammerhead
14%
M M M Thor Malekith
14%
M M M Spider-Man Miguel O'Hara
14%
D Q M Batman Quincy Sharp
14%
M S M X-Men Sunspot
14%
M C W Doctor Strange Clea
13%
M D M Eternals Druig
13%
M E M Black Order Ebony Maw
13%
M F W Spider-Man Firestar
13%
M L M Thor Laufey
13%
M L IDK Mutants Lockjaw
13%
M M W Eternals Makkari
13%
M P M Spider-Man Prowler
13%
M P W Black Order Proxima Midnight
13%
M S W Eternals Sprite
13%
M A M Moon Knight Arthur Harrow
11%
M C IDK GOTG Cosmo
11%
M C W Mutants Crystal
11%
M H M GOTG High Evolutionary
11%
M J M Midnight Suns Jack Russel
11%
M K M Mutants Karnak
11%
M M M N/A Mister Sinister
11%
M M W S.H.I.E.L.D. Mockingbird
11%
M P M Eternals Phastos
11%
M U M What If? Uatu
11%
M K M Doctor Strange Kaecilius
9%
M L W N/A Lady Deathstrike
9%
M M W Masters of Evil Moonstone
9%
M M M Avengers Multiple Man
9%
M P M Avengers Photon
9%
M S W Spider-Man Silk
9%
M S W Avengers Stature
9%
M T M GOTG Taserface
9%
M U M Thunderbolts USAgent
9%
M D W Thor Darcy Lewis
8%
M E M Thor Erik Selvig
8%
M F M X-Men Forge
8%
M K M Moon Knight Konshu
8%
M L IDK X-Men Lockheed
8%
M M W GOTG Moondragon
8%
M R W Iron Man Rescue
8%
M S M Thor Skurge
8%
M T W Hulk Titania
8%
M T M Mutants Triton
8%
W W M Black Panther White Wolf
8%
M B M Black Order Black Dwarf
6%
M C W X-Men Cassandra Nova
6%
M E M Black Order Eros
6%
M G M Ant-Man Goliath
6%
M J M Spider-Man Jackal
6%
M K M Moon Knight Khonshu
6%
M M M Black Panther Man Ape
6%
M M M N/A Mojo
6%
M M M Spider-Man Molten Man
6%
M S M X-Men Silver Samurai
6%
M T M Captain Marvel Talos
6%
M T M Spider-Man Tinkerer
6%
M B W Spider-Man Betty Brant
5%
M B M Doctor Strange Brother Voodoo
5%
M C W Defenders Colleen Wing
5%
M C M Black Order Cull Obsidian
5%
M E W Midnight Suns Elsa Bloodstone
5%
M M W Defenders Misty Knight
5%
M O M N/A Omega Red
5%
M R W Kang Ravonna Renslayer
5%
M S W Spider-Man Scream
5%
M S M Spider-Man Spider-Punk
5%
M S M Spider-Man Spot
5%
M S M Black Order Supergiant
5%
M U M Black Panther Ulysses Klaue
5%
M B M Captain America Batroc the Leaper
3%
M B M Spider-Man Ben Reily
3%
M J N/A Avengers Jocasta
3%
M K M GOTG Korath
3%
M N W Midnight Suns Nico Minoru
3%
M N W Defenders Night Nurse
3%
M P M Eternals Pip
3%
M S W Spider-Man Screwball
3%
D S M Batman Sid the Squid
3%
M T M Fantastic Four Terrax
3%
M F M X-Force Firefist
2%
M J M S.H.I.E.L.D. Jasper Sitwell
2%
M M M Defenders Microchip
2%
M N M Defenders Nobu
2%
M S W Midnight Suns Sister Grimm
2%
M S M Spider-Man Spider-Noir
2%
M T M Thor Throg
2%
M Y W Spider-Man Yuri Watanabe
2%
D B M Suicide Squad Blackguard
0%
M B W Hawkeye Bombshell
0%
D B M Justice League Boston Brand
0%
M D M Moon Knight Duchamp
0%
M F M X-Men Fantomex
0%
M F M Avengers Frog Man
0%
M G M Fantastic Four Galan
0%
D G M Batman Gray Ghost
0%
M G M Spider-Man Gray Goblin
0%
D H M Batman Hamilton Hill
0%
M J M Spider-Man Jefferson Davis
0%
M K W Midnight Suns Kushala
0%
D M M Batman Mad Dog
0%
M M M Thor Meek
0%
D M W Superman Mercy Grant
0%
M P W GOTG Phyla-Vel
0%
M R W Spider-Man Rio Morales
0%
D S M Batman Sickle
0%
M S W Spider-Man Silver Sablinova
0%
M T W X-Men Teenage Negasonic Warhead
0%
No matching quizzes found
Score Distribution
Percent of People with Each Score
Percentile by Number Answered
Your Score History
You have not taken this quiz since the last reset